000 00671cam a2200217 4500500
005 20260111080402.0
041 _afre
042 _adc
100 1 0 _aCalmette, Jean-François
_eauthor
245 0 0 _aLa discrète montée en puissance de la CSG
260 _c2019.
500 _a6
690 _aCSG
690 _afinancement
690 _afinances sociales
690 _afusion CSG/I R
690 _aréforme
690 _asécurité sociale
786 0 _nGestion & Finances Publiques | 6 | 6 | 2019-12-18 | p. 76-84 | 1969-1009
856 4 1 _uhttps://droit.cairn.info/revue-gestion-et-finances-publiques-2019-6-page-76?lang=fr&redirect-ssocas=7080
999 _c1616221
_d1616221